| 000 | 00759cam a2200241u 4500 | ||
|---|---|---|---|
| 001 | 10018624 | ||
| 003 | ARRUPE | ||
| 005 | 20131220170943.0 | ||
| 008 | 830419s1939 enkab 000 0 eng | ||
| 010 | _aunk83006743 | ||
| 040 |
_aDLC _cCarP _dDLC |
||
| 043 | _ae-ur--- | ||
| 050 | 0 | 0 |
_aDK266 _b.J6 1939a |
| 100 | 1 |
_aJohnson, Hewlett, _d1874-1966. _96441 |
|
| 245 | 1 | 4 | _aThe socialist sixth of the world, |
| 260 |
_aLondon, _bV. Gollancz, ltd., _c1939. |
||
| 300 |
_a384 p. _billus. (incl. maps) _c19 cm. |
||
| 650 | 0 |
_aCommunism _zSoviet Union. _96442 |
|
| 651 | 0 |
_aSoviet Union _xSocial conditions. _96443 |
|
| 651 | 0 |
_aSoviet Union _xEconomic conditions _y1917-1945. _96444 |
|
| 906 |
_a0 _bcbc _cpremunv _du _encip _f19 _gy-gencatlg |
||
| 942 |
_2lcc _cMONOGRAPH |
||
| 999 |
_c119477 _d119477 |
||